01873cam a2200361 i 450000100090000000300090000900500170001800800410003502000220007602000180009804000380011608200200015410000340017424501600020825000210036826400580038926400100044730000400045733600260049733700280052333800270055150400520057850504800063065000470111065000560115765100100121365300200122365500170124370000530126094200120131399900170132595201690134214018330EG-ScBUE20230529102534.0050628t2006 nyua f b 001 0 eng d a0393731847 (pbk.) a9780393731842 aDLCbengerdacDLCdDLCdEG-ScBUE04a720.19222bZEI1 aZeisel, John,eauthor.93804710aInquiry by design :benvironment, behavior, neuroscience in architecture, interiors, landscape, and planning /cJohn Zeisel ; foreword by John P. Eberhard. aRevised edition. 1aNew York ;aLondon :bW. W. Norton & Company,c[2006] 4cc2006 a400 pages :billustrations ;c24 cm 2rdacontentatextbtxt 2rdamediaaunmediatedbn 2rdacarrieravolumebnc aIncludes bibliographical references and index. 0 aDesign : images, presentations, and tests -- Research : concepts, hypotheses, and tests -- Research and design cooperation -- Side effects of cooperation -- Research methodology : approaches, designs, and settings -- Research quality -- The brain's environment system -- Observing physical traces -- Observing environmental behavior -- Focused interviews -- Standardized questionnaires -- Asking questions : topics and format -- Archives -- Environment/behavior/neuroscience. 7aEnvironmental psychologyxResearch.2BUEsh 7aArchitectural designxPsychological aspects.2BUEsh 2BUEsh bENGARCcMay2015 vReading book1 aEberhard, John P.,eauthor of introduction, etc. 2ddccBB c19380d19352 00102ddc40708BaccahaMAINbMAINc2NDd2015-05-19epurchaseg261.00h22487l7m21o720.19 ZEIp000038256r2025-07-15 00:00:00s2023-10-15v326.00w2015-05-19yBB